|
|
|
|
| LEADER |
00000nab#a22000007a#4500 |
| 001 |
arbauad043509 |
| 003 |
AR-BaUAD |
| 005 |
20250711113356.0 |
| 008 |
000411|||||||||###||||||b###|0###a|spa|| |
| 040 |
|
|
|a AR-BaUAD
|c AR-BaUAD
|b spa
|
| 245 |
1 |
0 |
|a Especial Asturias
|
| 300 |
0 |
|
|b fot., il.
|
| 653 |
|
|
|a DISEÑO GRAFICO
|
| 653 |
|
|
|a ESTUDIOS DE DISEÑO
|
| 653 |
|
|
|a CYAN
|
| 653 |
|
|
|a DUO COMUNICACION
|
| 653 |
|
|
|a RICO, FERNANDO
|
| 653 |
|
|
|a HELICE GABINETE
|
| 653 |
|
|
|a SANTAMARINA DISEÑADORES
|
| 653 |
|
|
|a ASTURIAS
|
| 653 |
|
|
|a ESPAÑA
|
| 653 |
|
|
|a TIPOGRAFIA
|
| 653 |
|
|
|a PUESTA EN PAGINA
|
| 653 |
|
|
|a PACKAGING
|
| 653 |
|
|
|a IMAGEN CORPORATIVA
|
| 653 |
|
|
|a LOGOTIPOS
|
| 653 |
|
|
|a ISOLOGOTIPOS
|
| 653 |
|
|
|a TAPAS DE LIBROS
|
| 653 |
|
|
|a IDENTIFICACION VISUAL
|
| 653 |
|
|
|a PAPELERIA
|
| 653 |
|
|
|a FOLLETOS
|
| 773 |
0 |
|
|t VISUAL
|g AÑO 12, Nº83 [feb. 2000], p. 44-53
|
| 942 |
|
|
|c ARTI
|
| 952 |
|
|
|0 0
|1 0
|4 0
|7 0
|9 88428
|a AR-BAuAD
|b AR-BAuAD
|d 2025-07-11
|l 0
|p AAQA043509
|r 2025-07-11 11:33:56
|w 2025-07-11
|y ARTI
|
| 990 |
|
|
|a DG200
|b TD
|
| 998 |
|
|
|a AAQ
|b BIBUN76
|
| 999 |
|
|
|c 68101
|d 68101
|